100 Najdroższych piłkarzy świata - Statystyki

Ogólne statystyki
  • Ten quiz został rozwiązany 185 razy
  • Średni wynik to 26 z 100
Statystyki odpowiedzi
Wartość (mln euro) Piłkarz % Poprawnych
180 Kylian Mbappe
98%
180 Erling Haaland
86%
180 Jude Bellingham
83%
150 Vinicius
79%
75 Lamine Yamal
74%
130 Bukayo Saka
65%
110 Harry Kane
65%
80 Pedri
65%
100 Rodrygo
65%
130 Phil Foden
62%
90 Pablo Gavi
61%
110 Jamal Musiala
59%
110 Rodri
55%
110 Florian Wirtz
54%
110 Lautaro Martínez
52%
65 Mohamed Salah
51%
100 Federico Valverde
49%
90 Eduardo Camavinga
44%
70 Bruno Fernandes
43%
110 Declan Rice
43%
60 de Bruyne
41%
80 Ruben Dias
40%
60 Ousmane Dembele
39%
55 Cole Palmer
36%
80 Bernardo Silva
35%
70 de Jong
35%
75 Luis Diaz
35%
95 Martin Odegaard
35%
70 Eder Militao
34%
90 Julian Alvarez
34%
70 Ronald Araujo
34%
90 Aurelien Tchouameni
32%
80 William Saliba
31%
60 Joshua Kimmich
29%
75 Josko Gvardiol
29%
90 Rafael Leao
29%
50 Jules Kounde
28%
50 Raphinha
28%
70 Alexander Arnold
26%
80 Gabriel Martinelli
26%
65 Jack Grealish
26%
60 Marcus Rashford
26%
80 Enzo Fernandez
25%
70 Leroy Sane
25%
70 Darwin Nunez
24%
65 Gabriel
20%
70 Mac Allister
20%
75 Nicolo Barella
20%
60 Theo Hernandez
20%
110 Victor Osimhen
20%
50 Cody Gakpo
19%
65 Dušan Vlahović
19%
70 Gabriel Jesus
19%
65 Kingsley Coman
19%
50 Dani Olmo
17%
75 Dominik Szoboszlai
17%
60 Kai Havertz
17%
65 Achraf Hakimi
16%
65 Jeremy Doku
16%
70 Alessandro Bastoni
15%
65 de Ligt
15%
50 Jeremie Frimpong
15%
60 Kolo Muani
15%
60 Nuno Mendes
15%
65 Rasmus Hojlund
15%
60 Alphonso Davies
14%
70 Alexander Isak
13%
55 Endrick
13%
55 Marquinhos
13%
80 Moises Caicedo
13%
70 Christopher Nkunku
11%
60 Marcus Thuram
11%
55 Ben White
9%
65 Ollie Watkins
9%
55 Viktor Gyokeres
9%
60 Zaire Emery
9%
50 Benjamin Pavard
8%
60 Bremer
8%
80 Xavi Simons
8%
85 Bruno Guimaraes
6%
70 James Maddison
6%
80 Khvicha Kvaratskhelia
6%
50 Reece James
6%
50 Ivan Toney
5%
60 Cristian Romero
4%
50 Federico Dimarco
4%
55 Joao Palhinha
4%
55 Moussa Diaby
4%
70 Douglas Luiz
3%
65 Lucas Paqueta
3%
55 Min Jae
3%
55 Dejan Kulusevski
2%
60 Lois Openda
2%
60 Manuel Ugarte
2%
50 Mikel Oyarzabal
2%
55 Pedro Neto
2%
60 Takefusa Kubo
2%
60 Evan Ferguson
1%
50 Jarrod Bowen
1%
50 Martín Zubimendi
1%
Nie znaleziono quizów pasujących do podanych kryteriów
Rozkład punktacji
Procent ludzi z każdym wynikiem
Percentyl według liczby udzielonych odpowiedzi
Twoja historia wyników
Nie rozwiązałeś tego quizu